| Registos Bibliográficos associados ao registo de autoridade |
|
Etiqueta de registo: 00254nam 2200025 450 001 2280825 003 http://id.bnportugal.gov.pt/bib/catbnp/2280825 100 ## $a20260317d2025 k y0pory01030103ba 101 0# $aeng$dpor 102 ## $aPT 105 ## $aa m 000yy 106 ## $ar 200 1# $aListen to your brain$eexploring music as an interface for real-time fMRI neurofeedback experiments$dOuve o teu cérebro$eexploração da música como interface em intervenções de neurofeedback com base em IRMf
em tempo real$fAlexandre Nuno de Morais Sayal Abreu Campos$gsupervisors Miguel de Sá e Sousa de Castelo-Branco, Bruno Miguel Direito Pereira Leitão,
Teresa Maria da Silva Sousa$zeng 210 #9 $aCoimbra$c[s.n.],$d2025 215 ## $aXVIII, 287, [1] p.$cil.$d29 cm 328 #1 $aTese dout. Biomedical Engineering, Faculty of Sciences and Technology of the University
of Coimbra, 2025 510 1# $aOuve o teu cérebro$eexploração da música como interface em intervenções de neurofeedback com base em IRMf
em tempo real$zpor 675 ## $a616.89-008-073.7(043)$vBN$zpor$31994559 675 ## $a612.82(043)$vBN$zpor$3337469 700 #1 $aCampos,$bAlexandre Nuno de Morais Sayal Abreu$31991746 702 #1 $aCastelo Branco,$bMiguel,$f1962-$4727$31043255 702 #1 $aLeitão,$bBruno Miguel Direito Pereira$4727$31551055 702 #1 $aSousa,$bTeresa Maria da Silva$4727$31681734 801 #0 $aPT$bBN$gRPC 966 ## $lBN$mFGMON$sS.A. 193432 V.$x1 971 ## $cisantos$d20260317 972 ## $e0$z0$d20260410$vlrevez 973 ## $cigoulao$d20260401
|
|
|